Federalismo fiscal y coparticipación (Registro nro. 5540)

Detalles MARC
000 -LEADER
fixed length control field 00836 a2200217 4500
001 - CONTROL NUMBER
control field 54380
005 - DATE AND TIME OF LATEST TRANSACTION
control field 20260407155816.0
008 - FIXED-LENGTH DATA ELEMENTS--GENERAL INFORMATION
fixed length control field 260407a2009 arg spa d
003 - CONTROL NUMBER IDENTIFIER
control field AR-UNSa-BCEJYS
040 ## - CATALOGING SOURCE
Original cataloging agency AR-UNSa-BCEJYS
Language of cataloging spa
Transcribing agency AR-UNSa-BCEJYS
080 ## - UNIVERSAL DECIMAL CLASSIFICATION NUMBER
Universal Decimal Classification number 336.2:323.17
Common auxiliary subdivision Federalismo Fiscal
020 ## - INTERNATIONAL STANDARD BOOK NUMBER
International Standard Book Number 978-987-660-023-1
100 1# - MAIN ENTRY--PERSONAL NAME
Personal name Ferro, Gustavo
245 10 - TITLE STATEMENT
Title Federalismo fiscal y coparticipación
264 #1 - PRODUCTION, PUBLICATION, DISTRIBUTION, MANUFACTURE, AND COPYRIGHT NOTICE
Place of production, publication, distribution, manufacture Buenos Aires :
Name of producer, publisher, distributor, manufacturer EDICON (Fondo Editorial Consejo)
Date of production, publication, distribution, manufacture, or copyright notice 2009
300 ## - PHYSICAL DESCRIPTION
Extent 99 p.
Dimensions 22 cm.
505 ## - FORMATTED CONTENTS NOTE
Formatted contents note I. Introducción - II. Marco teórico - III. Marco histórico - IV. Marco institucional - V. Incentivos fácticos del sistema - VI. Discusión de conclusiones - VII. Apéndice: Normativa vigente - VIII. Bibliografía
590 ## - LOCAL NOTE (RLIN)
Local note niveau_biblio:m niveau_hierar:0
700 1# - ADDED ENTRY--PERSONAL NAME
Personal name Aguerre, Magdalena
942 ## - ADDED ENTRY ELEMENTS (KOHA)
Koha item type
Existencias
Withdrawn status Lost status Damaged status Not for loan Home library Current library Shelving location Date acquired Total checkouts Full call number Barcode Date last seen Price effective from Koha item type
        Biblioteca Prof. Eusebio Cleto del Rey Biblioteca Prof. Eusebio Cleto del Rey   07/04/2026   336.2:323.17 F395 L117737 07/04/2026 07/04/2026 Libro